Vanoss Crew - Statistics

General Stats
  • This quiz has been taken 538 times
  • The average score is 8 of 15
Answer Stats
Hint Answer % Correct
Pig I am Wildcat
86%
Owl VanossGaming
86%
Monkey Kid Lui Calibre
85%
Terminator Terroriser
76%
Tax Man Mini Ladd
74%
Monkey Basicallyidowrk
64%
Janitor Daithi De Nogla
58%
Clown H2O Delirious
57%
Hipster Moo Snuckel
47%
Stocking Mask OhmWrecker
45%
Devil with one eye Cartoonz
40%
Carlos Silent Droidd
40%
Cat RacingCats
29%
Astronaut Mr.Sark
22%
Mario Hat ChilledChaos
11%
No matching quizzes found
Score Distribution
Percent of People with Each Score
Percentile by Number Answered
Your Score History
You have not taken this quiz